Loading...
| Mythology | 0 | 5 | 1 | 1 | 45 | 105 | 126.00 | 0 | 0 | 0.00 | 0.00 |
| History - Other | 0 | 4 | 0 | 0 | 40 | 17 | 76.75 | 1 | 3 | 0.00 | 0.00 |
| Science - Biology | 0 | 4 | 0 | 1 | 40 | 45 | 91.00 | 0 | 1 | 0.00 | 0.00 |
| Religion | 0 | 4 | 0 | 0 | 40 | 73 | 113.50 | 1 | 3 | 0.00 | 0.00 |
| Literature - European | 0 | 3 | 0 | 0 | 30 | 51 | 82.67 | 1 | 3 | 0.00 | 0.00 |
| History - American | 0 | 4 | 2 | 0 | 30 | 64 | 91.75 | 1 | 2 | 0.00 | 0.00 |
| Science - Physics | 0 | 2 | 0 | 0 | 20 | 89 | 103.50 | 0 | 1 | 0.00 | 0.00 |
| History - World | 0 | 2 | 0 | 1 | 20 | 67 | 94.00 | 0 | 0 | 0.00 | 0.00 |
| Philosophy | 0 | 2 | 0 | 0 | 20 | 105 | 130.50 | 0 | 1 | 0.00 | 0.00 |
| Literature - British | 0 | 2 | 0 | 0 | 20 | 119 | 121.00 | 0 | 1 | 0.00 | 0.00 |
| Fine Arts - Classical Music | 0 | 2 | 1 | 0 | 15 | 109 | 125.00 | 0 | 1 | 0.00 | 0.00 |
| History - European | 0 | 2 | 1 | 2 | 15 | 128 | 132.50 | 0 | 0 | 0.00 | 0.00 |
| Social Science | 0 | 2 | 1 | 0 | 15 | 60 | 78.50 | 1 | 2 | 0.00 | 0.00 |
| Other Academic | 0 | 1 | 0 | 0 | 10 | 127 | 127.00 | 0 | 0 | 0.00 | 0.00 |
| Literature - American | 0 | 1 | 0 | 0 | 10 | 102 | 102.00 | 0 | 0 | 0.00 | 0.00 |
| Pop Culture | 0 | 1 | 0 | 0 | 10 | 43 | 43.00 | 1 | 1 | 0.00 | 0.00 |
| Science - Chemistry | 0 | 1 | 1 | 0 | 5 | 109 | 109.00 | 0 | 0 | 0.00 | 0.00 |
| Science - Other | 0 | 1 | 1 | 0 | 5 | 108 | 108.00 | 0 | 0 | 0.00 | 0.00 |